000 00614nam a2200205 i 4500
001 94383
003 ES-MaACL
005 20250627063639.0
007 t|
008 050429s1972 sp ||||1| spa d
100 1 _aLorén, Santiago,
_d1918-2010
_974093
245 1 0 _aCajal
_b: historia de un hombre /
_cSantiago Lorén.
260 _aMadrid :
_bSala,
_c1972.
300 _a320 p. ;
_c21 cm.
490 1 _aCapacidades ;
_v2
600 1 4 _aRamón y Cajal, Santiago,
_d1852-1934-
_xBiografías
_995228
830 1 _aCapacidades ;
_v2
_9226872
852 _aES-MaACL
_jC-47903
999 _c94383
_d94383